[Event "Montreal Mercredi 10"]
[Site "Montreal CAN"]
[Date "2008.10.08"]
[Round "1"]
[White "Sonn, Eric"]
[Black "Marquis, Gerald"]
[Result "0-1"]
[WhiteElo "1670"]
[BlackElo "1540"]
[PlyCount "110"]
[GameId "2160767910311325"]
[EventDate "2008.10.08"]
[EventType "tourn"]
[EventRounds "5"]
[EventCountry "CAN"]
[SourceTitle "EXT 2011"]
[Source "ChessBase"]
[SourceDate "2011.11.26"]
[SourceVersion "1"]
[SourceVersionDate "2011.11.26"]
[SourceQuality "1"]

1. e4 e5 2. Nf3 Nc6 3. Bb5 a6 4. Ba4 Nf6 5. Qe2 d6 6. c3 Be7 7. d3 O-O 8. O-O b5 9. Bb3 h6 10. Rd1 Nh7 11. Nbd2 Bf6 12. Nf1 Ne7 13. Ng3 c5 14. Be3 Ng6 15. a4 Bd7 16. axb5 axb5 17. Rac1 Nh4 18. Nxh4 Bxh4 19. Bd5 Ra7 20. d4 Qc7 21. dxe5 dxe5 22. b4 Be7 23. Nf5 Bxf5 24. exf5 Rb8 25. h3 Ra6 26. bxc5 Nf6 27. c4 bxc4 28. Bxc4 Ra5 29. c6 Kf8 30. Ba2 Rab5 31. Rd7 Nxd7 32. Qc4 Ke8 33. cxd7+ Qxd7 34. Qxf7+ Kd8 35. Qg8+ Qe8 36. Rd1+ Kc7 37. Qxg7 Qf8 38. Bxh6 Qxg7 39. Bxg7 e4 40. f6 Bd6 41. f7 Bf8 42. Bf6 Rf5 43. Bh4 Bd6 44. g4 Rf3 45. Kg2 Rh8 46. Bc4 Rxh4 47. Be6 Rhxh3 48. Rd5 Rh2+ 49. Kf1 Rfxf2+ 50. Kg1 Rhg2+ 51. Kh1 Bh2 52. Rd1 Bd6 53. Bf5 Rh2+ 54. Kg1 Bc5 55. Rd7+ Kc6 0-1

[Event "Montreal Mercredi 10"]
[Site "Montreal CAN"]
[Date "2008.10.08"]
[Round "1"]
[White "Tremblay, Sigfrid"]
[Black "Baran, Marius"]
[Result "1-0"]
[WhiteElo "1757"]
[BlackElo "1695"]
[PlyCount "104"]
[GameId "2160767910311326"]
[EventDate "2008.10.08"]
[EventType "tourn"]
[EventRounds "5"]
[EventCountry "CAN"]
[SourceTitle "EXT 2011"]
[Source "ChessBase"]
[SourceDate "2011.11.26"]
[SourceVersion "1"]
[SourceVersionDate "2011.11.26"]
[SourceQuality "1"]

1. e4 c5 2. Nc3 e6 3. g3 Nc6 4. Bg2 Nf6 5. d3 d5 6. Nh3 d4 7. Ne2 e5 8. O-O Bd6 9. f4 Bg4 10. Nf2 h5 11. h3 Bxe2 12. Qxe2 h4 13. gxh4 Qd7 14. f5 Rxh4 15. Bg5 Rh7 16. Bf3 Be7 17. Bd2 O-O-O 18. Kh2 Rdh8 19. Rg1 g6 20. Bg5 gxf5 21. Bxf6 Bxf6 22. exf5 Qc7 23. Kg2 Bg5 24. Bg4 Be3 25. Rgf1 f6 26. Ne4 Qg7 27. Rh1 Ne7 28. Qf3 Nd5 29. Nd6+ Kb8 30. Qxd5 Qd7 31. Qe6 Qc6+ 32. Ne4 Qxe6 33. fxe6 Rh6 34. Rhf1 Bf4 35. Nxc5 Rg6 36. Kf3 f5 37. Bxf5 Rg3+ 38. Ke4 Kc7 39. Kd5 Rd8+ 40. Kc4 Rg7 41. Kb3 b6 42. e7 Re8 43. Ne6+ Kd6 44. Nxf4 exf4 45. Rae1 Rexe7 46. Rxe7 Kxe7 47. Rxf4 Rg5 48. Bg4 Rb5+ 49. Ka3 Ra5+ 50. Kb4 Rxa2 51. Kb3 Ra5 52. Rxd4 a6 1-0

[Event "Montreal Mercredi 10"]
[Site "Montreal CAN"]
[Date "2008.10.15"]
[Round "2"]
[White "Cote, Philippe"]
[Black "Lamouche, Andre"]
[Result "1-0"]
[WhiteElo "1756"]
[BlackElo "1715"]
[PlyCount "119"]
[GameId "2160767910311327"]
[EventDate "2008.10.08"]
[EventType "tourn"]
[EventRounds "5"]
[EventCountry "CAN"]
[SourceTitle "EXT 2011"]
[Source "ChessBase"]
[SourceDate "2011.11.26"]
[SourceVersion "1"]
[SourceVersionDate "2011.11.26"]
[SourceQuality "1"]

1. e4 c5 2. Nf3 d6 3. d4 cxd4 4. Nxd4 Nf6 5. Nc3 a6 6. Bc4 e6 7. Bb3 b5 8. O-O b4 9. Na4 Bb7 10. f3 Be7 11. Bd2 a5 12. Bxe6 fxe6 13. Nxe6 Qd7 14. Nxg7+ Kf7 15. c3 Kxg7 16. Nb6 Qb5 17. Nxa8 Bxa8 18. cxb4 axb4 19. Qe1 Nc6 20. a3 bxa3 21. bxa3 Ne5 22. a4 Qa6 23. Qg3+ Kf7 24. Be3 Rg8 25. Qf2 Bc6 26. Rfb1 Nfd7 27. a5 Bf6 28. Bd4 Nd3 29. Qa2+ Kg7 30. Bxf6+ Nxf6 31. Qd2 Bb5 32. Qg5+ Kf7 33. Qxb5 Qa7+ 34. Qb6 Qxb6+ 35. axb6 Nc5 36. Ra7+ Ke6 37. Kf2 Rb8 38. b7 Nfd7 39. Ke3 Ne5 40. Ra8 Rxb7 41. Rxb7 Nxb7 42. Ra7 Nc5 43. Rxh7 Nf7 44. Rh5 Nd7 45. f4 Nf6 46. Rh3 Ng4+ 47. Kf3 Nf6 48. g4 d5 49. exd5+ Nxd5 50. Rg3 Kf6 51. h4 Nd6 52. Rg1 Ne7 53. h5 Nd5 54. Rd1 Ke6 55. Re1+ Kf7 56. Rd1 Ke6 57. h6 Nf6 58. f5+ Ke7 59. Rxd6 Kxd6 60. g5 1-0

[Event "Montreal Mercredi 10"]
[Site "Montreal CAN"]
[Date "2008.10.15"]
[Round "2"]
[White "Crezegut, Anthony"]
[Black "Caceres Cortes, Julio"]
[Result "1/2-1/2"]
[WhiteElo "1870"]
[BlackElo "1930"]
[PlyCount "59"]
[GameId "2160767910311328"]
[EventDate "2008.10.08"]
[EventType "tourn"]
[EventRounds "5"]
[EventCountry "CAN"]
[SourceTitle "EXT 2011"]
[Source "ChessBase"]
[SourceDate "2011.11.26"]
[SourceVersion "1"]
[SourceVersionDate "2011.11.26"]
[SourceQuality "1"]

1. Nf3 Nf6 2. d4 e6 3. e3 d5 4. Bd3 Nbd7 5. Nbd2 c6 6. c4 Bd6 7. O-O O-O 8. e4 dxe4 9. Nxe4 Nxe4 10. Bxe4 f5 11. Bc2 Nf6 12. Re1 Qc7 13. Ne5 c5 14. Bf4 cxd4 15. Qxd4 Ng4 16. Qc3 Bc5 17. Re2 Qb6 18. Nxg4 fxg4 19. Qg3 e5 20. Bxe5 Be6 21. Bc7 Qc6 22. Be4 Bxf2+ 23. Rxf2 Qxe4 24. b3 Rac8 25. Qe5 Qg6 26. Rxf8+ Rxf8 27. Re1 Bd7 28. Qd5+ Qf7 29. Qxf7+ Rxf7 30. Bg3 1/2-1/2

[Event "Montreal Mercredi 10"]
[Site "Montreal CAN"]
[Date "2008.10.15"]
[Round "2"]
[White "Germain, Max"]
[Black "Chesnut, Walter"]
[Result "1-0"]
[WhiteElo "1644"]
[BlackElo "1550"]
[PlyCount "82"]
[GameId "2160767910311329"]
[EventDate "2008.10.08"]
[EventType "tourn"]
[EventRounds "5"]
[EventCountry "CAN"]
[SourceTitle "EXT 2011"]
[Source "ChessBase"]
[SourceDate "2011.11.26"]
[SourceVersion "1"]
[SourceVersionDate "2011.11.26"]
[SourceQuality "1"]

1. d4 d5 2. c4 c6 3. Nc3 dxc4 4. a4 Nf6 5. e4 e6 6. Bxc4 h6 7. Nf3 Bb4 8. Qe2 Nbd7 9. O-O O-O 10. e5 Nd5 11. Nxd5 exd5 12. Bd3 Re8 13. Bf4 Nf6 14. h3 Nh7 15. Qc2 Nf8 16. Bd2 Bxd2 17. Qxd2 Ne6 18. Bc2 Ng5 19. Nxg5 Qxg5 20. Qxg5 hxg5 21. f4 gxf4 22. Rxf4 Be6 23. Raf1 g6 24. b4 a6 25. Bd3 Kg7 26. g4 Rh8 27. R1f3 Rh4 28. Rf6 Rah8 29. Kg2 R8h6 30. Bf1 g5 31. Bd3 Rxf6 32. Rxf6 Bxg4 33. hxg4 Rxg4+ 34. Kf3 Rxd4 35. Ke3 Rxb4 36. Rd6 Rxa4 37. Rd7 Rb4 38. e6 Kf8 39. Rxf7+ Ke8 40. Bg6 Re4+ 41. Bxe4 dxe4 1-0

[Event "Montreal Mercredi 10"]
[Site "Montreal CAN"]
[Date "2008.10.15"]
[Round "2"]
[White "Landry, Martin"]
[Black "Marquis, Gerald"]
[Result "0-1"]
[WhiteElo "1581"]
[BlackElo "1540"]
[PlyCount "44"]
[GameId "2160767910311330"]
[EventDate "2008.10.08"]
[EventType "tourn"]
[EventRounds "5"]
[EventCountry "CAN"]
[SourceTitle "EXT 2011"]
[Source "ChessBase"]
[SourceDate "2011.11.26"]
[SourceVersion "1"]
[SourceVersionDate "2011.11.26"]
[SourceQuality "1"]

1. d4 d5 2. c4 e6 3. Nc3 Nf6 4. Bg5 c6 5. cxd5 cxd5 6. g3 Be7 7. Bg2 Qa5 8. f3 O-O 9. Nh3 Nc6 10. a3 Qb6 11. e3 Qxb2 12. Na4 Qxg2 13. Nf2 Ng4 14. fxg4 Bxg5 15. Qe2 e5 16. O-O-O e4 17. Qd2 Nxd4 18. Qxd4 Qxf2 19. Rde1 Bxg4 20. Nc3 Bf6 21. Qd2 Qxd2+ 22. Kxd2 Be7 0-1

[Event "Montreal Mercredi 10"]
[Site "Montreal CAN"]
[Date "2008.10.15"]
[Round "2"]
[White "Le Duin, Thierry"]
[Black "Giroux, Robert"]
[Result "1-0"]
[WhiteElo "2020"]
[BlackElo "1972"]
[PlyCount "73"]
[GameId "2160767910311331"]
[EventDate "2008.10.08"]
[EventType "tourn"]
[EventRounds "5"]
[EventCountry "CAN"]
[SourceTitle "EXT 2011"]
[Source "ChessBase"]
[SourceDate "2011.11.26"]
[SourceVersion "1"]
[SourceVersionDate "2011.11.26"]
[SourceQuality "1"]

1. d4 Nf6 2. Nf3 e6 3. Bg5 h6 4. Bh4 c5 5. e3 cxd4 6. exd4 Be7 7. c3 O-O 8. Nbd2 b6 9. Bd3 Bb7 10. O-O d6 11. h3 Nbd7 12. Re1 Nh5 13. Bg3 Nxg3 14. fxg3 Nf6 15. Qe2 Re8 16. Rad1 Bf8 17. Bb1 Rc8 18. Qd3 Rc7 19. g4 g6 20. Re2 Nd5 21. g3 Qc8 22. Rf2 Bg7 23. Ne4 Qd7 24. g5 Qc6 25. Kh2 hxg5 26. Nfxg5 Nf6 27. Rxf6 Bxf6 28. Nxf6+ Kf8 29. d5 exd5 30. Nxe8 Qxe8 31. Rf1 Ba6 32. Qxa6 Qe3 33. Nf3 Rc4 34. Kg2 Qe2+ 35. Rf2 Qd1 36. Bc2 Qc1 37. Qxa7 1-0

[Event "Montreal Mercredi 10"]
[Site "Montreal CAN"]
[Date "2008.10.15"]
[Round "2"]
[White "Millette, Sylvain"]
[Black "Baran, Marius"]
[Result "0-1"]
[WhiteElo "1717"]
[BlackElo "1695"]
[PlyCount "62"]
[GameId "2160767910311332"]
[EventDate "2008.10.08"]
[EventType "tourn"]
[EventRounds "5"]
[EventCountry "CAN"]
[SourceTitle "EXT 2011"]
[Source "ChessBase"]
[SourceDate "2011.11.26"]
[SourceVersion "1"]
[SourceVersionDate "2011.11.26"]
[SourceQuality "1"]

1. Nf3 d5 2. g3 c5 3. Bg2 Nc6 4. d4 e6 5. O-O Nf6 6. c4 dxc4 7. Ne5 Bd7 8. Nxc6 Bxc6 9. Bxc6+ bxc6 10. dxc5 Qxd1 11. Rxd1 Bxc5 12. Nd2 Rd8 13. Kf1 Ng4 14. e3 Ke7 15. Ke2 Rd7 16. h3 Ne5 17. f4 Nd3 18. Nxc4 Rhd8 19. b3 Nxf4+ 20. gxf4 Rxd1 21. Ne5 R1d6 22. Nc4 Rd5 23. Ne5 R8d6 24. Nc4 Rd7 25. Bb2 f6 26. a3 Rd3 27. b4 Bb6 28. Rc1 Rb3 29. Rc2 Rdd3 30. Bd4 Bxd4 31. exd4 Rxh3 0-1

[Event "Montreal Mercredi 10"]
[Site "Montreal CAN"]
[Date "2008.10.15"]
[Round "2"]
[White "Panayotov, Ivo"]
[Black "Gilman, Arkadiy"]
[Result "0-1"]
[WhiteElo "2001"]
[BlackElo "2087"]
[PlyCount "63"]
[GameId "2160767910311333"]
[EventDate "2008.10.08"]
[EventType "tourn"]
[EventRounds "5"]
[EventCountry "CAN"]
[SourceTitle "EXT 2011"]
[Source "ChessBase"]
[SourceDate "2011.11.26"]
[SourceVersion "1"]
[SourceVersionDate "2011.11.26"]
[SourceQuality "1"]

1. e4 e6 2. d4 d5 3. Nd2 Nf6 4. e5 Nfd7 5. c3 c5 6. Bd3 Nc6 7. Ne2 Qb6 8. Nf3 cxd4 9. cxd4 f6 10. exf6 Nxf6 11. O-O Bd6 12. Bf4 Bxf4 13. Nxf4 O-O 14. Qd2 Bd7 15. Rfe1 Rae8 16. Rac1 Kh8 17. Bb1 g5 18. Ne2 g4 19. Ne5 Nxe5 20. dxe5 Nh5 21. Qh6 Qxf2+ 22. Kh1 Qf7 23. Rc7 Re7 24. Bxh7 Qf2 25. Bd3+ Kg8 26. Rg1 Qh4 27. g3 Nxg3+ 28. Nxg3 Qxh6 29. Ne2 Qg7 30. Nd4 Rf2 31. Rg2 Rxg2 32. Kxg2 0-1

[Event "Montreal Mercredi 10"]
[Site "Montreal CAN"]
[Date "2008.10.15"]
[Round "2"]
[White "Plante, Michel"]
[Black "Morin, Louis"]
[Result "1/2-1/2"]
[WhiteElo "1980"]
[BlackElo "1934"]
[PlyCount "59"]
[GameId "2160767910311334"]
[EventDate "2008.10.08"]
[EventType "tourn"]
[EventRounds "5"]
[EventCountry "CAN"]
[SourceTitle "EXT 2011"]
[Source "ChessBase"]
[SourceDate "2011.11.26"]
[SourceVersion "1"]
[SourceVersionDate "2011.11.26"]
[SourceQuality "1"]

1. d4 d5 2. Nf3 e6 3. e3 c5 4. b3 Nc6 5. Bb2 Nf6 6. Nbd2 b6 7. Ne5 Nxe5 8. dxe5 Nd7 9. Bd3 Be7 10. O-O f5 11. exf6 Bxf6 12. Bxf6 Nxf6 13. e4 dxe4 14. Nxe4 Nxe4 15. Bxe4 Qxd1 16. Raxd1 Rb8 17. Rd6 O-O 18. Rfd1 g6 19. f3 Kf7 20. Kf2 Ke7 21. Ke3 e5 22. g4 Be6 23. c4 Rbd8 24. Rxd8 Rxd8 25. Rxd8 Kxd8 26. g5 Ke7 27. h4 Bf5 28. a3 Bxe4 29. Kxe4 Kd6 30. a4 1/2-1/2

[Event "Montreal Mercredi 10"]
[Site "Montreal CAN"]
[Date "2008.10.15"]
[Round "2"]
[White "Poschmann, Jeremie"]
[Black "Brodie, Hugh"]
[Result "1/2-1/2"]
[WhiteElo "1859"]
[BlackElo "1825"]
[PlyCount "27"]
[GameId "2160767910311335"]
[EventDate "2008.10.08"]
[EventType "tourn"]
[EventRounds "5"]
[EventCountry "CAN"]
[SourceTitle "EXT 2011"]
[Source "ChessBase"]
[SourceDate "2011.11.26"]
[SourceVersion "1"]
[SourceVersionDate "2011.11.26"]
[SourceQuality "1"]

1. d4 e6 2. c4 f5 3. Nc3 Nf6 4. Nf3 b6 5. Bg5 Bb4 6. e3 Bb7 7. Qc2 O-O 8. Bd3 Qe8 9. Bxf6 Rxf6 10. a3 Bxc3+ 11. Qxc3 d6 12. O-O-O Nd7 13. Bc2 Qe7 14. h4 1/2-1/2

[Event "Montreal Mercredi 10"]
[Site "Montreal CAN"]
[Date "2008.10.15"]
[Round "2"]
[White "Pregent, Daniel"]
[Black "Tremblay, Sigfrid"]
[Result "0-1"]
[WhiteElo "1737"]
[BlackElo "1757"]
[PlyCount "118"]
[GameId "2160767910311336"]
[EventDate "2008.10.08"]
[EventType "tourn"]
[EventRounds "5"]
[EventCountry "CAN"]
[SourceTitle "EXT 2011"]
[Source "ChessBase"]
[SourceDate "2011.11.26"]
[SourceVersion "1"]
[SourceVersionDate "2011.11.26"]
[SourceQuality "1"]

1. d4 Nf6 2. Nf3 g6 3. c4 Bg7 4. Nc3 d6 5. h3 O-O 6. e4 e5 7. d5 c6 8. Be3 cxd5 9. cxd5 Qa5 10. Qd2 Nbd7 11. Nb5 Qxd2+ 12. Nxd2 Ne8 13. Nxa7 f5 14. f3 Ndf6 15. Nxc8 Rxc8 16. Bd3 fxe4 17. fxe4 Nh5 18. Rf1 Nf4 19. Bxf4 exf4 20. Rb1 g5 21. Ke2 Nf6 22. Rfc1 Nd7 23. b4 h5 24. a4 g4 25. hxg4 hxg4 26. Nc4 Be5 27. Na5 f3+ 28. gxf3 gxf3+ 29. Kf2 Bd4+ 30. Kg3 Ne5 31. Bb5 Kf7 32. Rxc8 Rxc8 33. Nxb7 Rg8+ 34. Kf4 Kf6 35. Bd7 Nxd7 36. Kxf3 Ne5+ 37. Ke2 Rg2+ 38. Kd1 Nc4 39. Rb3 Rd2+ 40. Ke1 Bf2+ 41. Kf1 Ne3+ 42. Rxe3 Bxe3 43. Nxd6 Ra2 44. Nc4 Bd4 45. a5 Bc3 46. b5 Bxa5 47. e5+ Kf5 48. b6 Bxb6 49. Nxb6 Kxe5 50. Ke1 Kd6 51. Kd1 Kc5 52. Nd7+ Kxd5 53. Nb6+ Kd4 54. Nd7 Ra6 55. Kd2 Rd6 56. Nf8 Ke5+ 57. Ke3 Kf6 58. Kf4 Rd4+ 59. Ke3 Rd8 0-1

[Event "Montreal Mercredi 10"]
[Site "Montreal CAN"]
[Date "2008.10.15"]
[Round "2"]
[White "Serra, Luc"]
[Black "Sonn, Eric"]
[Result "1/2-1/2"]
[WhiteElo "1607"]
[BlackElo "1670"]
[PlyCount "71"]
[GameId "2160767910311337"]
[EventDate "2008.10.08"]
[EventType "tourn"]
[EventRounds "5"]
[EventCountry "CAN"]
[SourceTitle "EXT 2011"]
[Source "ChessBase"]
[SourceDate "2011.11.26"]
[SourceVersion "1"]
[SourceVersionDate "2011.11.26"]
[SourceQuality "1"]

1. e4 c5 2. Nc3 Nc6 3. Bb5 Nd4 4. f4 a6 5. Bc4 e6 6. a4 Ne7 7. Nf3 b6 8. O-O Bb7 9. d3 Qc7 10. Ne2 Nxf3+ 11. Rxf3 d5 12. exd5 Nxd5 13. Rf2 Bd6 14. Bxd5 Bxd5 15. Nc3 Bb7 16. Qg4 Rg8 17. Ne4 Be7 18. Qe2 h6 19. f5 e5 20. Bd2 O-O-O 21. Rb1 Rd4 22. b3 Rgd8 23. Bc3 R4d7 24. f6 gxf6 25. Nxf6 Bxf6 26. Rxf6 Rg8 27. Rf2 f6 28. b4 Rdg7 29. g3 Qc6 30. Qe4 Qxe4 31. dxe4 Bxe4 32. Rxf6 Rg6 33. Rf2 Re8 34. bxc5 bxc5 35. Re1 Bc6 36. a5 1/2-1/2

[Event "Montreal Mercredi 10"]
[Site "Montreal CAN"]
[Date "2008.10.15"]
[Round "2"]
[White "Sonko, Babacar"]
[Black "Gauthier, Denis"]
[Result "0-1"]
[WhiteElo "1897"]
[BlackElo "1832"]
[PlyCount "60"]
[GameId "2160767910311338"]
[EventDate "2008.10.08"]
[EventType "tourn"]
[EventRounds "5"]
[EventCountry "CAN"]
[SourceTitle "EXT 2011"]
[Source "ChessBase"]
[SourceDate "2011.11.26"]
[SourceVersion "1"]
[SourceVersionDate "2011.11.26"]
[SourceQuality "1"]

1. e4 d5 2. exd5 Nf6 3. d4 Bg4 4. Be2 Bxe2 5. Qxe2 Qxd5 6. Nf3 e6 7. O-O Nc6 8. Rd1 Be7 9. c4 Qh5 10. Bf4 O-O-O 11. Nc3 Rhe8 12. a3 h6 13. Nb5 Rd7 14. Nxc7 Rxc7 15. Bxc7 Kxc7 16. b4 Kb8 17. b5 Na5 18. Qd3 Nd7 19. c5 Qd5 20. Qc3 Bd8 21. Rac1 Qb3 22. Qxb3 Nxb3 23. Rc3 Na5 24. Rdc1 Bc7 25. g3 Nf6 26. c6 Nd5 27. R3c2 bxc6 28. bxc6 a6 29. Ne5 Bxe5 30. dxe5 Kc7 0-1

[Event "Montreal Mercredi 10"]
[Site "Montreal CAN"]
[Date "2008.10.22"]
[Round "3"]
[White "Baran, Marius"]
[Black "Pregent, Daniel"]
[Result "0-1"]
[WhiteElo "1695"]
[BlackElo "1737"]
[PlyCount "62"]
[GameId "2160767910311339"]
[EventDate "2008.10.08"]
[EventType "tourn"]
[EventRounds "5"]
[EventCountry "CAN"]
[SourceTitle "EXT 2011"]
[Source "ChessBase"]
[SourceDate "2011.11.26"]
[SourceVersion "1"]
[SourceVersionDate "2011.11.26"]
[SourceQuality "1"]

1. d4 Nf6 2. c4 e6 3. Nf3 b6 4. g3 Bb7 5. Bg2 Be7 6. O-O O-O 7. Nc3 d5 8. cxd5 exd5 9. Qc2 Nbd7 10. b3 Re8 11. Bb2 Nf8 12. Rfd1 Ba6 13. Rac1 Bb4 14. e3 Rc8 15. a3 Bd6 16. b4 c6 17. Nd2 Ne6 18. Qb3 Bb7 19. a4 Qe7 20. Na2 Ng5 21. b5 Qe6 22. Nf3 Nh3+ 23. Kf1 Ne4 24. Nb4 Nhxf2 25. bxc6 Bxb4 26. Qxb4 Ba6+ 27. Kg1 Nxd1 28. Rxd1 Rxc6 29. Ne5 Rc2 30. Bf1 Bxf1 31. Rxf1 Qh3 0-1

[Event "Montreal Mercredi 10"]
[Site "Montreal CAN"]
[Date "2008.10.22"]
[Round "3"]
[White "Brodie, Hugh"]
[Black "Crezegut, Anthony"]
[Result "0-1"]
[WhiteElo "1825"]
[BlackElo "1870"]
[PlyCount "85"]
[GameId "2160767910311340"]
[EventDate "2008.10.08"]
[EventType "tourn"]
[EventRounds "5"]
[EventCountry "CAN"]
[SourceTitle "EXT 2011"]
[Source "ChessBase"]
[SourceDate "2011.11.26"]
[SourceVersion "1"]
[SourceVersionDate "2011.11.26"]
[SourceQuality "1"]

1. e4 d5 2. d4 dxe4 3. Nc3 e5 4. dxe5 Qxd1+ 5. Nxd1 Nc6 6. Bb5 Bd7 7. Bxc6 Bxc6 8. Bf4 O-O-O 9. Ne2 Ne7 10. Bg3 Ng6 11. Ne3 Bc5 12. Nf5 Rhg8 13. Rd1 Rde8 14. Nfd4 Nxe5 15. Bxe5 Rxe5 16. Nxc6 bxc6 17. O-O Rd5 18. Nc3 Rxd1 19. Rxd1 f5 20. Kf1 Rd8 21. Rxd8+ Kxd8 22. Ke2 Ke7 23. f3 exf3+ 24. Kxf3 Bd6 25. g3 Be5 26. Nd1 Ke6 27. c3 g5 28. Ne3 g4+ 29. Kf2 h5 30. Ng2 Kd5 31. Ke3 c5 32. Nh4 Ke6 33. Ng2 c4 34. Nh4 c5 35. Ng2 a5 36. Nh4 Bf6 37. Ng2 Bg5+ 38. Ke2 Bc1 39. b3 cxb3 40. axb3 Ke5 41. Kd3 Bg5 42. Kc4 f4 43. gxf4+ 0-1

[Event "Montreal Mercredi 10"]
[Site "Montreal CAN"]
[Date "2008.10.22"]
[Round "3"]
[White "Caceres Cortes, Julio"]
[Black "Sonko, Babacar"]
[Result "1-0"]
[WhiteElo "1930"]
[BlackElo "1897"]
[PlyCount "85"]
[GameId "2160767910311341"]
[EventDate "2008.10.08"]
[EventType "tourn"]
[EventRounds "5"]
[EventCountry "CAN"]
[SourceTitle "EXT 2011"]
[Source "ChessBase"]
[SourceDate "2011.11.26"]
[SourceVersion "1"]
[SourceVersionDate "2011.11.26"]
[SourceQuality "1"]

1. e4 e5 2. Nf3 Nc6 3. Bb5 a6 4. Ba4 d6 5. Bxc6+ bxc6 6. d4 f6 7. h3 Ne7 8. O-O Ng6 9. Na3 Be7 10. Nc4 O-O 11. Na5 Bd7 12. Qd3 Kh8 13. c4 f5 14. dxe5 fxe4 15. Qxe4 Nxe5 16. Nxe5 dxe5 17. Nxc6 Bxc6 18. Qxc6 Qd6 19. Qxd6 Bxd6 20. Be3 Rab8 21. b3 Be7 22. Rad1 Rbd8 23. Rd5 Rxd5 24. cxd5 Rd8 25. Rc1 Bd6 26. Rc6 a5 27. Ra6 Bb4 28. Ra7 Rc8 29. Kf1 Kg8 30. Ke2 Kf8 31. Kd3 Ke7 32. Ke4 Kd6 33. Ra6+ c6 34. Rxc6+ Rxc6 35. dxc6 Bc3 36. f4 Kxc6 37. fxe5 g6 38. Bd4 Bd2 39. Kd3 Bc1 40. Kc4 h5 41. Bc3 Bf4 42. a4 g5 43. Kd4 1-0

[Event "Montreal Mercredi 10"]
[Site "Montreal CAN"]
[Date "2008.10.22"]
[Round "3"]
[White "Chesnut, Walter"]
[Black "Landry, Martin"]
[Result "0-1"]
[WhiteElo "1550"]
[BlackElo "1581"]
[PlyCount "70"]
[GameId "2160767910311342"]
[EventDate "2008.10.08"]
[EventType "tourn"]
[EventRounds "5"]
[EventCountry "CAN"]
[SourceTitle "EXT 2011"]
[Source "ChessBase"]
[SourceDate "2011.11.26"]
[SourceVersion "1"]
[SourceVersionDate "2011.11.26"]
[SourceQuality "1"]

1. d4 Nf6 2. c4 e6 3. Nc3 c5 4. d5 d6 5. e4 Be7 6. Bd3 Na6 7. a3 Nc7 8. Nf3 a6 9. a4 Rb8 10. a5 Bd7 11. e5 dxe5 12. dxe6 Bxe6 13. Nxe5 Qd4 14. Nf3 Qg4 15. O-O Rd8 16. Qe2 O-O 17. Ne5 Qxe2 18. Bxe2 Bc8 19. Be3 Ne6 20. Na4 Nd4 21. Bd1 Bf5 22. Rc1 Ne4 23. g4 Bg6 24. Nxg6 hxg6 25. Nb6 f5 26. Nd5 Bd6 27. f3 Nf6 28. Nxf6+ gxf6 29. Bxd4 cxd4 30. c5 Bf4 31. Bb3+ Kg7 32. Rc4 Rfe8 33. Rd1 Re2 34. Rdxd4 Rxd4 35. Rxd4 Be3+ 0-1

[Event "Montreal Mercredi 10"]
[Site "Montreal CAN"]
[Date "2008.10.22"]
[Round "3"]
[White "Gauthier, Denis"]
[Black "Poschmann, Jeremie"]
[Result "1-0"]
[WhiteElo "1832"]
[BlackElo "1859"]
[PlyCount "42"]
[GameId "2160767910311343"]
[EventDate "2008.10.08"]
[EventType "tourn"]
[EventRounds "5"]
[EventCountry "CAN"]
[SourceTitle "EXT 2011"]
[Source "ChessBase"]
[SourceDate "2011.11.26"]
[SourceVersion "1"]
[SourceVersionDate "2011.11.26"]
[SourceQuality "1"]

1. d4 Nf6 2. c4 e6 3. Nf3 c5 4. d5 exd5 5. cxd5 d6 6. Nc3 g6 7. e4 Bg7 8. h3 O-O 9. Bd3 Re8 10. O-O Na6 11. Re1 Nc7 12. Bf4 a6 13. a4 Rb8 14. Qd2 b5 15. axb5 axb5 16. e5 b4 17. exd6 Rxe1+ 18. Nxe1 Ncxd5 19. Nxd5 Nxd5 20. d7 Nxf4 21. dxc8=Q Nxh3+ 1-0

[Event "Montreal Mercredi 10"]
[Site "Montreal CAN"]
[Date "2008.10.22"]
[Round "3"]
[White "Gilman, Arkadiy"]
[Black "Le Duin, Thierry"]
[Result "1-0"]
[WhiteElo "2087"]
[BlackElo "2020"]
[PlyCount "139"]
[GameId "2160767910311344"]
[EventDate "2008.10.08"]
[EventType "tourn"]
[EventRounds "5"]
[EventCountry "CAN"]
[SourceTitle "EXT 2011"]
[Source "ChessBase"]
[SourceDate "2011.11.26"]
[SourceVersion "1"]
[SourceVersionDate "2011.11.26"]
[SourceQuality "1"]

1. d4 Nf6 2. c4 c5 3. d5 b5 4. Nf3 g6 5. cxb5 a6 6. e3 d6 7. Nc3 Bg7 8. Bc4 O-O 9. O-O Bg4 10. bxa6 Nxa6 11. e4 Nd7 12. Bf4 Ne5 13. Be2 Bxf3 14. Bxf3 Rb8 15. Be2 Qa5 16. Qd2 Rb7 17. Rac1 Rfb8 18. b3 Nd7 19. Rfd1 Nb4 20. Na4 Qa8 21. Bc4 Nb6 22. Nxb6 Rxb6 23. a4 Rf8 24. Qe2 Bd4 25. h4 f6 26. Be3 Bxe3 27. Qxe3 Kg7 28. Qh3 Qc8 29. Qxc8 Rxc8 30. Rd2 Ra8 31. Re2 Na6 32. f4 Nc7 33. e5 Rf8 34. exd6 exd6 35. Ra1 Rbb8 36. Kf2 Ra8 37. Ke1 Rfe8 38. Raa2 Rxe2+ 39. Rxe2 Kf7 40. Kd2 Ra5 41. Kc3 Kf8 42. Ra2 Ke7 43. Ra1 Kd7 44. h5 Ra8 45. hxg6 hxg6 46. Rh1 Re8 47. Rh7+ Kc8 48. Kd3 g5 49. Rf7 gxf4 50. Rxf6 Re3+ 51. Kd2 Kd7 52. Rxf4 Rg3 53. Rf7+ Kd8 54. Rf2 Rg5 55. Kc3 Nxd5+ 56. Bxd5 Rxd5 57. Rd2 Rg5 58. Rxd6+ Kc7 59. Rd2 Kc6 60. Rf2 Rg3+ 61. Kc2 Kb6 62. Kb2 Ka5 63. Ka2 Kb4 64. Rc2 Rxb3 65. Rb2 c4 66. Rxb3+ cxb3+ 67. Kb2 Kxa4 68. g4 Kb5 69. g5 Kc6 70. g6 1-0